Traité de science administrative
I tiakina i:
| Ngā kaituhi matua: | , , , , , , , , , , , , , , , , , , , , , , , , , , , , , , |
|---|---|
| Hōputu: | Pukapuka |
| Reo: | Wīwī |
| I whakaputaina: |
París
Mouton & Co
1966
|
| Rangatū: | Ecole Pratique des Hautes Etudes. Sixieme Section: Sciences economiques et sociales
|
| Ngā marau: | |
| Ngā Tūtohu: |
Tāpirihia he Tūtohu
Kāore He Tūtohu, Me noho koe te mea tuatahi ki te tūtohu i tēnei pūkete!
|
MARC
| LEADER | 00000nam a2200000 a 4500 | ||
|---|---|---|---|
| 001 | UCS0412 | ||
| 003 | CL-VaPUC | ||
| 008 | 970426e19660000FR |||||||||||||||||fre|d | ||
| 082 | 0 | 4 | |a 342.06 |b AUB |2 21 |
| 100 | 0 | |a Auby, Jean-Marie |e author |9 383836 | |
| 700 | 0 | |a Bandet, P |e author |9 383837 | |
| 700 | 0 | |a Boulet, L |e author |9 383838 | |
| 700 | 0 | |a Buch, H |e author |9 383839 | |
| 700 | 0 | |a Carcelle, P |e author |9 383840 | |
| 700 | 0 | |a Catherine, Robert |e author |9 383841 | |
| 700 | 0 | |a Chapel, Y |e author |9 383842 | |
| 700 | 0 | |a Charnier, H |e author |9 383843 | |
| 700 | 0 | |a Crozier, M |e author |9 383844 | |
| 700 | 0 | |a Drago, R |e author |9 383845 | |
| 700 | 0 | |a Dupond, A. H |e author |9 383846 | |
| 700 | 0 | |a Eisenmann, Charles |e author |9 383847 | |
| 700 | 0 | |a Escoube, P |e author |9 383848 | |
| 700 | |a Gournay, Bernard |e author |9 391143 | ||
| 700 | 0 | |a Goyard, C |e author |9 383850 | |
| 700 | 0 | |a Hamon, L |e author |9 383851 | |
| 700 | 0 | |a Kesler, Jean Francois |e author |9 383852 | |
| 700 | 0 | |a Langrod, G |e author |9 383853 | |
| 700 | 0 | |a Legendre, P |e author |9 383854 | |
| 700 | 0 | |a Lesage, M |e author |9 383855 | |
| 700 | 0 | |a Levy, D |e author |9 383856 | |
| 700 | 0 | |a Magnet, J |e author |9 383857 | |
| 700 | 0 | |a Malgoire, R |e author |9 383858 | |
| 700 | 0 | |a Mas, G |e author |9 383859 | |
| 700 | 0 | |a Mehl, L |e author |9 383860 | |
| 700 | 0 | |a Mond, G |e author |9 383861 | |
| 700 | 0 | |a Mougniot, R |e author |9 383862 | |
| 700 | 0 | |a Moulias, D |e author |9 383863 | |
| 700 | 0 | |a Rivero, J |e author |9 383864 | |
| 700 | 0 | |a Simon, E |e author |9 383865 | |
| 700 | 0 | |a Thuillier, G |e author |9 383866 | |
| 245 | 1 | 0 | |a Traité de science administrative |
| 300 | |a 901 p | ||
| 942 | |c BK | ||
| 945 | |d 19970426 00:00:00 |a cmena | ||
| 260 | |a París |b Mouton & Co |c 1966 | ||
| 650 | 0 | |a Derecho administrativo |9 254851 | |
| 650 | 0 | |a Administración pública |9 255343 | |
| 650 | 0 | |a Derecho público |9 255910 | |
| 650 | 0 | |a Derecho constitucional |9 222588 | |
| 650 | 7 | |a LIBERTADES PUBLICAS |2 CL-VaPUC |9 383867 | |
| 650 | 0 | |a Administración de justicia |9 382749 | |
| 651 | 0 | |a Francia |9 255157 | |
| 583 | |a last modification |c 19970426 00:00:00 |k Rodrigo Vera | ||
| 490 | 0 | |a Ecole Pratique des Hautes Etudes. Sixieme Section: Sciences economiques et sociales | |
| 999 | |c 258641 |d 258639 | ||
| 952 | |0 0 |1 0 |4 0 |6 342_060000000000000_AUB_1966 |7 0 |8 A |9 282890 |a BIBDER |b BIBDER |d 2019-11-19 |i 1837095 |o 342.06 AUB 1966 |p 1837095 |r 2023-01-25 |w 2019-11-19 |y BK |k DER | ||